=LDR 00000nam 2200000 4500 =001 INLIS000000000040927 =005 20130612150500 =008 ***********************************ind** =035 ##$$0010-061300000040927 =041 ##$$a ind =082 ##$$a 910.046 595 7 =090 ##$$a 910.046 565 7 , Sul ,b =100 ##$$a SULISTIO, Budi =245 ##$$a Budget Traveling , Singapore up date , Budi sulisto =260 ##$$a 2011 $b Jakarta =300 ##$$a 246 hlm. , 18 cm =650 ##$$a TRAVEL SINGAPUR =850 ##$$a NBPNMAT